Nürnberger Prozesse - Hauptangeklagte - Statistiken

Allgemein
  • Dieses Quiz wurde 527 mal gespielt
  • Das Durchschnittsergebnis liegt bei 14 aus 24
Antwortstatistiken
# Aufgabe Urteil Verbrecher % Korrekt
1 Reichsmarschall Tod durch den Strang Hermann Göring
96%
2 Stellvertreter des Führers lebenslange Haft Rudolf Heß
86%
10 Großadmiral Kriegsmarine (1943 - 1945) 10 Jahre Haft Karl Dönitz
81%
12 Reichsminister Bewaffnung u. Munition 20 Jahre Haft Albert Speer
79%
4 Außenminister Tod durch den Strang Joachim von Ribbentrop
75%
3 Leiter der Parteikanzlei Tod durch den Strang (in Abwesenheit beschlossen) Martin Bormann
66%
6 ehemaliger Reichskanzler/Vizekanzler Freispruch Franz von Papen
65%
7 Chef des OKW (Oberkommando der Wehrmacht) Tod durch den Strang Wilhelm Keitel
64%
22 Herausgeber Wochenzeitung "Der Stürmer" Tod durch den Strang Julius Streicher
62%
24 Reichsjugendführer 20 Jahre Haft Baldur von Schirach
60%
17 Generalgouverneur Polen Tod durch den Strang Hans Frank
59%
8 Chef des Wehrmachtführungsstabes Tod durch den Strang Alfred Jodl
54%
11 Chef der Sicherheitspolizei und SD (indirekt gesamte SS) Tod durch den Strang Ernst Kaltenbrunner
54%
9 Großadmiral Kriegsmarine (bis 1943) lebenslange Haft Erich Raeder
52%
16 Kriegswirtschaftsunternehmer - (Verfahrenseinstellung) Gustav Krupp von Bohlen und Halbach
52%
18 Reichskommissar Niederlande Tod durch den Strang Arthur Seyß-Inquart
51%
5 Reichsorganisationsleiter NSDAP - (Suizid vor dem Prozess) Robert Ley
49%
14 Reichsbankpräsident (bis 1939) Freispruch Hjalmar Schacht
47%
19 Reichsminister besetzte Ostgebiete Tod durch den Strang Alfred Rosenberg
46%
13 Generalbevollmächtigter Arbeitseinsatz Tod durch den Strang Fritz Sauckel
46%
23 Leiter Rundfunkabteilung Freispruch Hans Fritzsche
44%
15 Reichsbankpräsident (1939 - 1945) lebenslange Haft Walther Funk
43%
21 Reichinnenminister (1933-1943) / Reichsprotektor Böhmen u. Mähren (1943-1945) Tod durch den Strang Wilhelm Frick
39%
20 Reichsprotektor Böhmen u. Mähren (bis 1943) 15 Jahre Haft Konstantin von Neurath
33%
Keine übereinstimmenden Quizze gefunden
Verteilung der Resultate
Anzahl Personen mit jedem Resultat
Perzentil nach korrekt beantworteten Fragen
Ihre Resultats-Entwicklung
Sie haben dieses Quiz noch nicht gespielt